LIBRARY & INFORMATION CENTRE, KCAET, TAVANUR

ONLINE PUBLIC ACCESS CATALOGUE (OPAC)

Normal view MARC view
  • English Novels

Entry Topical Term

Number of records used in: 1

001 - CONTROL NUMBER

  • control field: 5559

003 - CONTROL NUMBER IDENTIFIER

  • control field: OSt

005 - DATE AND TIME OF LATEST TRANSACTION

  • control field: 20231028123348.0

008 - FIXED-LENGTH DATA ELEMENTS

  • fixed length control field: 231028|| aca||aabn | a|a d

040 ## - CATALOGING SOURCE

  • Original cataloging agency: OSt
  • Transcribing agency: OSt

150 ## - HEADING--TOPICAL TERM

  • Topical term or geographic name as entry element: English Novels

670 ## - SOURCE DATA FOUND

  • Source citation: Work cat.: (OSt)17769: Hemming, James 5556, Denmark Adventures, 1955.
free website counter